Ekonometrická analýza daňovej politiky diplomová práca

Salvato in:
Dettagli Bibliografici
Autore principale: Horniaček, Peter
Ente Autore: Fakulta hospodárskej informatiky EU. Katedra operačného výskumu a ekonometrie
Altri autori: Ivaničová, Zlatica
Natura: Libro
Lingua:slovacco
Pubblicazione: Bratislava 2008
Tags: Aggiungi Tag
Nessun Tag, puoi essere il primo ad aggiungerne!!

MARC

LEADER 00000nam$a2200000$$$4500
001 0083811
005 20240201115033.9
041 0 |a slo 
044 |a SK 
245 1 0 |a Ekonometrická analýza daňovej politiky  |b diplomová práca  |c Peter Horniaček ; škol. Zlatica Ivaničová 
264 1 |a Bratislava  |c 2008 
300 |a 66 s. 
100 1 |a Horniaček, Peter 
700 1 |a Ivaničová, Zlatica 
710 2 |a Fakulta hospodárskej informatiky EU. Katedra operačného výskumu a ekonometrie